000 00665nam a2200265Ia 4500
005 20260121170332.0
008 008 260114s9999 xx 000 0 eng d
020 _a9789811080074
037 _aEBOOK
040 _aCRL
040 _beng
040 _cCRL
041 _2eng
041 _aeng
084 _qCRL
100 _aShohei Saga
_91062632
245 4 _aThe Vector Mode in the Second-order Cosmological Perturbation Theory
260 _bSpringer
260 _bSpringer
260 _c2018
856 _uhttps://link.springer.com/openurl?genre=book&isbn=978-981-10-8007-4
942 _cEBOOK
999 _c1628361
_d1628361